Proti systému!

Titel: Proti systému! : český radikální konzervativismus, fašismus a nacionální socialismus 20. a 21. století / Jan Rataj, Miloš Dlouhý, Antonín Háka
Verfasser: ; ;
Veröffentlicht: Praha : Auditorium, 2020
Umfang: 334 Seiten : Illustrationen, Porträts ; 20 cm
Format: Buch
Sprache: Tschechisch
Schlagworte:
ISBN: 9788087284841
Buchumschlag
X
alg: 53318531
001A    $03004:11-09-25 
001B    $03025:05-03-26 $t12:20:09.000 
001D    $03004:28-10-25 
001U    $0utf8 
001X    $00 
002@    $0Aau 
002C    $aText $btxt $2rdacontent 
002D    $aohne Hilfsmittel zu benutzen $bn $2rdamedia 
002E    $aBand $bnc $2rdacarrier 
003@    $0533185319 
004A    $A978-80-87284-84-1 
006C    $01249662755 $aOCoLC 
007A    $0BV047233213 $aBVB 
009P    $uhttps://bvbr.bib-bvb.de:443/F?func=service&doc_library=BVB01&local_base=BVB01&doc_number=032637640&sequence=000001&line_number=0001&func_code=DB_RECORDS&service_type=MEDIA $mDigitalisierung BSB München 19 - ADAM Catalogue Enrichment 
009P    $uhttps://bvbr.bib-bvb.de:443/F?func=service&doc_library=BVB01&local_base=BVB01&doc_number=032637640&sequence=000003&line_number=0002&func_code=DB_RECORDS&service_type=MEDIA $mDigitalisierung BSB München 19 - ADAM Catalogue Enrichment 
009P    $uhttps://bvbr.bib-bvb.de:443/F?func=service&doc_library=BVB01&local_base=BVB01&doc_number=032637640&sequence=000005&line_number=0003&func_code=DB_RECORDS&service_type=MEDIA $mDigitalisierung BSB München 19 - ADAM Catalogue Enrichment 
009P    $qapplication/pdf $A2 $3Buch Bibliographie $uhttp://scans.hebis.de/HEBCGI/show.pl?53318531_bib.pdf $mV:DE-603;B:DE-Mb50 
009P    $qapplication/pdf $A2 $3Cover $uhttp://scans.hebis.de/HEBCGI/show.pl?53318531_cov.pdf $mV:DE-603;B:DE-Mb50 
009P    $qapplication/pdf $A2 $3Register $uhttp://scans.hebis.de/HEBCGI/show.pl?53318531_idx.pdf $mV:DE-603;B:DE-Mb50 
009P    $qapplication/pdf $A2 $3Abstract $uhttp://scans.hebis.de/HEBCGI/show.pl?53318531_sum.pdf $mV:DE-603;B:DE-Mb50 
009P    $qapplication/pdf $A2 $3Inhaltsverzeichnis $uhttp://scans.hebis.de/HEBCGI/show.pl?53318531_toc.pdf $mV:DE-603;B:DE-Mb50 
010@    $acze 
010E    $erda 
011@    $a2020 $n2020 
021A    $aProti systému! $dčeský radikální konzervativismus, fašismus a nacionální socialismus 20. a 21. století $hJan Rataj, Miloš Dlouhý, Antonín Háka 
028A    $BVerfasser $4aut $71089869789 $8Rataj, Jan$Z1951- [Tp3] $9375063870 
028C    $BVerfasser $4aut $8Dlouhý, Miloš$Z1982- [Tp3] $9484711326 
028C    $BVerfasser $4aut $8Háka, Antonín$Z1974- [Tp3] $9484711415 
033A    $pPraha $nAuditorium 
034D    $a334 Seiten 
034I    $a20 cm 
034M    $aIllustrationen, Porträts 
037A    $aLiteraturverzeichnis Seite 302-321 
044K    $qBVB $RBöhmische Länder $RČeská SR $RTschechoslowakei $#Tschechien $#Tschechische Republik $#Tschechien $#Tschechische Republik $#Tschechenland $#Tschechei Tschechien $#Česká Republika $#Czech Republic $#ČR $74303381-7 $8Tschechien [Tg1] $9086659812 
044K    $qBVB $RRadikalismus $RFaschismus $RNeue Rechte $RRechtsradikaler $#Right-wing extremists $#Extrême droite $#Neonazismus $#Rechtsradikalismus $#Rechtsextremismus $#Neonazismus $#Rechtsextremismus $74048829-9 $8Rechtsradikalismus [Ts1] $9085136093 
045F    $a909 $eDDC22BSB 
045F/01 $a909 
045F/03 $f09049 
045F/03 $f090512 
045F/03 $f090511 
045F/03 $g4371 
045R    $aGeschichte 1989-2020 
045T    $aOST $qDE-12 $2FID 
046L    $aDeutsche Zusammenfassung unter dem Titel: Gegen das System : tschechischer radikaler Konservatismus, Faschismus und Nationalsozialismus des 20. und 21. Jahrhunderts ; Englische Zusammenfassung unter dem Titel: Against the System : Czech radical conservativism, fascism and national socialism of the 20th and 21th century 

lok: 53318531 24

exp: 53318531 24 1 #EPN
201B/01 $028-10-25 $t13:31:10.000 
201C/01 $011-09-25 
201U/01 $0utf8 
203@/01 $01317968670 
208@/01 $a28-10-25 $bz 
209A/01 $a25.05067 $du $f050 $h25 05067 $x00 
209C/01 $a25.05067 K $h25 05067 K 
209G/01 $a75093683 $x00 
220C/01 $akon 
247C/01 $8358050-7 Marburg, Bibliothek des Herder-Instituts Marburg $9102600961 

lok: 53318531 78

exp: 53318531 78 1 #EPN
201B/01 $005-03-26 $t12:20:09.000 
201C/01 $005-03-26 
201U/01 $0utf8 
203@/01 $01336169249 
208@/01 $a05-03-26 $be 
209A/01 $a/ $f000 $x00 
209A/01 $ab*p $x01 
220C/01 $apgar 
244Z/01 $#Böhmische Kronländer $#Länder der Böhmischen Krone $#Sudetenland $#Böhmen $#Mähren $#Mährisch-Schlesien $#Österreichisch-Schlesien $#Tschechische Sozialistische Republik Böhmische Länder $#Tschechei Böhmische Länder $#Země koruny české $74069573-6 $8--Tg1--Böhmische Länder $x03 $9085195553 
244Z/01 $#Tschechoslowakei $#Tschechoslowakei $#Tschechoslowakei $#Tschechische und Slowakische Föderative Republik $#République Tchéco-Slovaque $#Tchécoslovaquie $#Československá Federativní Republika $#Česká a Slovenská Federativní Republika $#Czech and Slovak Federal Republic $#ČSFR $#ČSSR $#ČSR $#RČS $#Československo $#Československá Socialistická Republika $#Československá Republika $#Tschechoslowakische Sozialistische Republik $#Tschechoslowakische Republik $#Tschechoslowakische Föderative Republik $#Republika Československá $#Czechoslovakia $#Čechoslovakische Republik $#République Tchécho-Slovaque $#Tchéchoslovaquie $#Czechoslovak Socialist Republic $#Checoeslovaquia $#Cecoslovacchia $#Čechoslovakija $#République tchécoslovaque $74078435-6 $8--Tg1--Tschechoslowakei $x04 $9085222305 
247C/01 $82080>Marburg/Lahn, Herder-Institut, Forschungsbibliothek, Bibliographieportal $9336309341
LEADER 00000cam a2200000 c 4500
001 533185319
003 DE-603
005 20260305122009.0
007 tu
008 250911s2020 xx |||| | u00||u|cze c
020 |a 9788087284841 
035 |a (DE-599)BVBBV047233213 
040 |a DE-603  |b ger  |c DE-603  |d DE-603  |e rda 
041 |a cze 
082 0 4 |8 1\u  |a 909  |q DE-101  |2 22/BSB 
084 |a OST  |q DE-12  |2 fid 
085 |8 1\u  |b 909 
085 |8 1\u  |z 1  |s 09049 
085 |8 1\u  |z 1  |s 090512 
085 |8 1\u  |z 1  |s 090511 
085 |8 1\u  |z 2  |s 4371 
100 1 |a Rataj, Jan  |d 1951-  |e Verfasser  |4 aut  |0 (DE-603)375063870  |0 (DE-588)1089869789  |2 gnd 
245 0 0 |a Proti systému!  |b český radikální konzervativismus, fašismus a nacionální socialismus 20. a 21. století  |c Jan Rataj, Miloš Dlouhý, Antonín Háka 
264 1 |a Praha  |b Auditorium  |c 2020 
300 |a 334 Seiten  |b Illustrationen, Porträts  |c 20 cm 
336 |a Text  |b txt  |2 rdacontent 
337 |a ohne Hilfsmittel zu benutzen  |b n  |2 rdamedia 
338 |a Band  |b nc  |2 rdacarrier 
500 |a Literaturverzeichnis Seite 302-321 
546 |a Deutsche Zusammenfassung unter dem Titel: Gegen das System : tschechischer radikaler Konservatismus, Faschismus und Nationalsozialismus des 20. und 21. Jahrhunderts ; Englische Zusammenfassung unter dem Titel: Against the System : Czech radical conservativism, fascism and national socialism of the 20th and 21th century 
648 7 |a Geschichte 1989-2020  |2 gnd 
650 7 |a Rechtsradikalismus  |0 (DE-588)4048829-9  |0 (DE-603)085136093  |2 gnd 
651 7 |a Tschechien  |0 (DE-588)4303381-7  |0 (DE-603)086659812  |2 gnd 
700 1 |a Dlouhý, Miloš  |d 1982-  |e Verfasser  |4 aut  |0 (DE-603)484711326  |0 (DE-588)1239763425  |2 gnd 
700 1 |a Háka, Antonín  |d 1974-  |e Verfasser  |4 aut  |0 (DE-603)484711415  |0 (DE-588)1239763468  |2 gnd 
856 4 2 |m Digitalisierung BSB München 19 - ADAM Catalogue Enrichment  |u https://bvbr.bib-bvb.de:443/F?func=service&doc_library=BVB01&local_base=BVB01&doc_number=032637640&sequence=000001&line_number=0001&func_code=DB_RECORDS&service_type=MEDIA 
856 4 2 |m Digitalisierung BSB München 19 - ADAM Catalogue Enrichment  |u https://bvbr.bib-bvb.de:443/F?func=service&doc_library=BVB01&local_base=BVB01&doc_number=032637640&sequence=000003&line_number=0002&func_code=DB_RECORDS&service_type=MEDIA 
856 4 2 |m Digitalisierung BSB München 19 - ADAM Catalogue Enrichment  |u https://bvbr.bib-bvb.de:443/F?func=service&doc_library=BVB01&local_base=BVB01&doc_number=032637640&sequence=000005&line_number=0003&func_code=DB_RECORDS&service_type=MEDIA 
856 4 2 |m V:DE-603;B:DE-Mb50  |q application/pdf  |u http://scans.hebis.de/HEBCGI/show.pl?53318531_bib.pdf  |3 Buch Bibliographie 
856 4 2 |m V:DE-603;B:DE-Mb50  |q application/pdf  |u http://scans.hebis.de/HEBCGI/show.pl?53318531_cov.pdf  |3 Cover 
856 4 2 |m V:DE-603;B:DE-Mb50  |q application/pdf  |u http://scans.hebis.de/HEBCGI/show.pl?53318531_idx.pdf  |3 Register 
856 4 2 |m V:DE-603;B:DE-Mb50  |q application/pdf  |u http://scans.hebis.de/HEBCGI/show.pl?53318531_sum.pdf  |3 Abstract 
856 4 2 |m V:DE-603;B:DE-Mb50  |q application/pdf  |u http://scans.hebis.de/HEBCGI/show.pl?53318531_toc.pdf  |3 Inhaltsverzeichnis 
924 0 |9 Mb 50  |a (DE-603)1317968670  |b DE-Mb50  |c HES  |d c  |g 25.05067 
924 0 |9 2080  |a (DE-603)1336169249  |b DE-2080  |c HES  |d d  |g /